Library Banner

Analysis and design of analog integrated circuits / (Record no. 111713)

MARC details
000 -LEADER
fixed length control field 00701cam a22002174a 4500
001 - CONTROL NUMBER
control field 16438286
005 - DATE AND TIME OF LATEST TRANSACTION
control field 20190329095043.0
008 - FIXED-LENGTH DATA ELEMENTS--GENERAL INFORMATION
fixed length control field 100828s2009 nyua b 001 0 eng
020 ## - INTERNATIONAL STANDARD BOOK NUMBER
International Standard Book Number 9780470398777
040 ## - CATALOGING SOURCE
Transcribing agency PK-LaUMT
082 ## - DEWEY DECIMAL CLASSIFICATION NUMBER
Classification number 621.3815
Item number ANA-
245 00 - TITLE STATEMENT
Title Analysis and design of analog integrated circuits /
Statement of responsibility, etc Paul R. Gray ... [et al.]
250 ## - EDITION STATEMENT
Edition statement 5th ed.
260 ## - PUBLICATION, DISTRIBUTION, ETC. (IMPRINT)
Place of publication, distribution, etc New York :
Name of publisher, distributor, etc John Wiley,
Date of publication, distribution, etc 2010
300 ## - PHYSICAL DESCRIPTION
Extent xiv, 881 p. :
Other physical details ill. ;
Dimensions 26 cm.
650 #0 - SUBJECT ADDED ENTRY--TOPICAL TERM
Topical term or geographic name as entry element Linear integrated circuits
General subdivision Computer-aided design.
650 #0 - SUBJECT ADDED ENTRY--TOPICAL TERM
Topical term or geographic name as entry element Metal oxide semiconductors
General subdivision Computer-aided design.
650 #0 - SUBJECT ADDED ENTRY--TOPICAL TERM
Topical term or geographic name as entry element Bipolar transistors
General subdivision Computer-aided design.
700 1# - ADDED ENTRY--PERSONAL NAME
Personal name Gray, Paul R.,
942 ## - ADDED ENTRY ELEMENTS (KOHA)
Koha item type Books
Holdings
Withdrawn status Lost status Damaged status Home library Current library Date acquired Full call number Barcode Date last seen Price effective from Koha item type
      UMT Main Campus UMT Main Campus 2019-03-29 621.3815 ANA- 126932 2019-03-29 2019-03-29 Books